000 01273nam2a2200277 4500
001 RU\NLR\bibl\748512
005 20250614005449.0
010 _a5-94999-021-8
_91000
021 _aRU
_b2004-73386
_93615
035 _a(NLR Aleph) 000738318
090 _a806294
_c806294
100 _a20050414d2004 |||y0rusy50 ca
101 0 _arus
102 _aRU
105 _ay |||||||||
200 0 _a[Вып. 4]
210 _d2004
_aБ. м.
215 _a231 с.
327 0 _aСодерж.: авт.: Ольга Аржанова, Ирина Бидинкова, Светлана Былова, Оксана Вострикова, Василий Гагаркин, Нина Гончарова, Ольга Грачева, Алевтина Гришина, Елена Дунаева, Сергей Евдокимов [и др.]
461 0 _1001RU\NLR\bibl\873444
_12001#$aРодники$v[Вып. 4]
_91546089
_cСтупино
_d2004
_fсост. Леонов В.А.]
_nСМТ
_oСтупинское литературное объединение : [сб.
_tРодники
_v[Вып. 4]
801 0 _aRU
_bNLR
_c20050414
_grcr
801 1 _aRU
_bNLR
_c20050414
830 _aсост. по эк
942 _cBOOK
980 _aNB